Statistiques concernant Naruto - Villages

Cliquez ici pour prendre le quiz!

Statistiques générales

  • Ce quiz a été pris 252 fois
  • Le résultat moyen est 6 sur 11

Statistiques - réponses

Réponse% Correct
Konoha
99%
Kiri
89%
Suna
89%
Oto
67%
Iwa
61%
Kumo
60%
Ame
59%
Taki
28%
Kusa
16%
Hoshi
11%
Yu
11%

Distribution des résultats

Percentile par nombre de réponses

% des personnes avec chaque résultat

Votre développement - résultats

Vous n’avez pas pris ce quiz